Lịch sử triết học cổ Hy Lạp. t. I /
Guardado en:
| Autor principal: | |
|---|---|
| Otros Autores: | |
| Formato: | Sách giấy |
| Lenguaje: | Vietnamese |
| Publicado: |
H. :
Đại học tổng hợp,
1990
|
| Etiquetas: |
Agregar Etiqueta
Sin Etiquetas, Sea el primero en etiquetar este registro!
|
| Thư viện lưu trữ: | Thư viện Trường Đại học Đà Lạt |
|---|
| LEADER | 00683nam a2200277 4500 | ||
|---|---|---|---|
| 001 | DLU140163018 | ||
| 040 | # | # | |a DLU |b vie |
| 041 | # | # | |a vie |
| 044 | # | # | |a vn |
| 082 | # | # | |a 182 |b NG-T |
| 100 | # | # | |a Nguyễn Quang Thông. |
| 245 | # | # | |a Lịch sử triết học cổ Hy Lạp. |n t. I / |c Nguyễn Quang Thông, Tống Văn Chung |
| 260 | # | # | |a H. : |b Đại học tổng hợp, |c 1990 |
| 300 | # | # | |a 120 tr. ; |c 26 cm. |
| 700 | # | # | |a Tống Văn Chung |
| 923 | # | # | |a TL |
| 991 | # | # | |a SH |
| 992 | # | # | |a 00 |
| 994 | # | # | |a DLU |
| 900 | # | # | |a True |
| 911 | # | # | |a Nguyễn Thị Tưởng |
| 925 | # | # | |a G |
| 926 | # | # | |a A |
| 927 | # | # | |a SH |
| 980 | # | # | |a Thư viện Trường Đại học Đà Lạt |